[Event "Rated Blitz tournament KUQl1zZI"]
[Site "?"]
[Date "2021.07.23"]
[Round "?"]
[White "Raden_Babas"]
[Black "Chandra_PW"]
[Result "0-1"]
[WhiteElo "2254"]
[BlackElo "2479"]
[PlyCount "36"]
[EventDate "2021.??.??"]
[EventType "blitz"]

1. e4 e5 2. Nf3 d5 3. d3 dxe4 4. dxe4 Qxd1+ 5. Kxd1 Nc6 6. c3 Bg4 7. Bd3 O-O-O
8. Ke2 f5 9. Bg5 Be7 10. Bxe7 Ncxe7 11. Nbd2 Nf6 12. h3 Bh5 13. Bc2 fxe4 14.
Nxe4 Bg6 15. Nxf6 Bxc2 16. Ng4 Bd3+ 17. Ke1 Ng6 18. Ngxe5 Rhe8 {Normal} 0-1

[Event "Rated Blitz game"]
[Site "?"]
[Date "2021.07.23"]
[Round "?"]
[White "snayperchess"]
[Black "tactinhos2900"]
[Result "0-1"]
[WhiteElo "2672"]
[BlackElo "2640"]
[PlyCount "88"]
[EventDate "2021.??.??"]
[EventType "blitz"]

1. e4 e5 2. Nf3 d5 3. exd5 e4 4. Qe2 Be7 5. Qxe4 Nf6 6. Qe2 O-O 7. d4 c6 8. Be3
Nxd5 9. Nbd2 Re8 10. O-O-O Qa5 11. Qc4 b5 12. Qb3 Be6 13. c4 Nb6 14. Kb1 N8d7
15. Rc1 Rab8 16. d5 bxc4 17. Nxc4 Nxc4 18. dxe6 Rxb3 19. Bxc4 Rxb2+ 20. Kxb2
Bf6+ 21. Kb1 fxe6 22. Rhd1 Nb6 23. Bb3 Nd5 24. Bd4 e5 25. Bb2 Kh8 26. Rxc6 Nb4
27. Rc4 e4 28. Nd4 Nd3 29. Bc3 Qb6 30. Rc6 Qb8 31. f3 Nf2 32. Rf1 e3 33. Rxf6
gxf6 34. Nc2 Qf4 35. Re1 Kg7 36. Bd4 Nd1 37. Rxd1 e2 38. Re1 Qd2 39. Bf2 a5 40.
Rc1 a4 41. Be1 Qd7 42. Bc4 Rb8+ 43. Ka1 Qd1 44. Ne3 Qxc1# {Normal} 0-1

[Event "Rated Blitz game"]
[Site "?"]
[Date "2021.07.23"]
[Round "?"]
[White "Nadigraj"]
[Black "Fantastic_power06"]
[Result "1-0"]
[WhiteElo "2730"]
[BlackElo "2777"]
[PlyCount "121"]
[EventDate "2021.??.??"]
[EventType "blitz"]

1. e4 e5 2. Nf3 d5 3. exd5 e4 4. Qe2 Nf6 5. Nc3 Be7 6. Nxe4 O-O 7. Nxf6+ Bxf6
8. d4 Qxd5 9. Be3 Bg4 10. Qc4 Bxf3 11. gxf3 Qxf3 12. Rg1 Na6 13. Bg2 Qg4 14.
Kd2 Qc8 15. Rad1 c6 16. Kc1 Nc7 17. Qb3 a5 18. a3 Rd8 19. c4 Ne6 20. d5 cxd5
21. Rxd5 a4 22. Qb5 Nc7 23. Rxd8+ Qxd8 24. Qb6 Rb8 25. Rd1 Qe7 26. Bf4 Bg5 27.
Qe3 Bxf4 28. Qxf4 b6 29. Qd6 Kf8 30. Kb1 Qxd6 31. Rxd6 Ke7 32. Rd4 Ne6 33. Rh4
h6 34. Bc6 Nc5 35. Bd5 f5 36. Rf4 Kf6 37. Rf3 Re8 38. Re3 Rxe3 39. fxe3 g5 40.
Kc2 Ke5 41. Kc3 h5 42. Kb4 h4 43. Kb5 g4 44. Kxb6 Nd3 45. Bh1 Nf2 46. Bg2 h3
47. Bf1 g3 48. hxg3 h2 49. Bg2 Kd6 50. c5+ Kd7 51. Kb7 h1=Q 52. c6+ Kd6 53.
Bxh1 Nxh1 54. c7 Nxg3 55. c8=Q Ke5 56. Qc7+ Kf6 57. Qxg3 f4 58. Qxf4+ Ke6 59.
e4 Kd7 60. e5 Kd8 61. Qd4+ {Time forfeit} 1-0

[Event "Rated Rapid game"]
[Site "?"]
[Date "2021.07.23"]
[Round "?"]
[White "arrslan"]
[Black "liaqat321"]
[Result "0-1"]
[WhiteElo "2437"]
[BlackElo "2353"]
[PlyCount "56"]
[EventDate "2021.??.??"]
[EventType "rapid"]

1. e4 e5 2. Nf3 d5 3. exd5 e4 4. Ne5 Qxd5 5. d4 exd3 6. Nxd3 Nf6 7. Nc3 Qd8 8.
Be2 Be7 9. O-O O-O 10. Bf3 Nc6 11. Be3 Nd4 12. Re1 Nxf3+ 13. Qxf3 Re8 14. Rad1
Bg4 15. Qg3 Bxd1 16. Rxd1 Bd6 17. Qh4 a6 18. Nc5 Qc8 19. N5e4 Nxe4 20. Nxe4 Qe6
21. Ng5 Qg6 22. c4 h6 23. Nf3 Re4 24. Qh3 Rxc4 25. Nd4 Re8 26. b3 Rc3 27. Nf5
Re5 28. Bd4 Rxh3 {Normal} 0-1

[Event "Rated Blitz game"]
[Site "?"]
[Date "2021.07.23"]
[Round "?"]
[White "chesspawnrookking"]
[Black "KinzyabulatovRenat"]
[Result "1/2-1/2"]
[WhiteElo "2443"]
[BlackElo "2395"]
[PlyCount "97"]
[EventDate "2021.??.??"]
[EventType "blitz"]

1. e4 e5 2. Nf3 d5 3. Nxe5 Bd6 4. d4 dxe4 5. Bf4 Nf6 6. Nc3 O-O 7. Be2 Nbd7 8.
O-O Qe7 9. Nxd7 Bxf4 10. Nxf6+ gxf6 11. Nd5 Bxh2+ 12. Kh1 Qd6 13. Nxf6+ Qxf6
14. Kxh2 Qh4+ 15. Kg1 Kh8 16. d5 Rg8 17. Qd4+ Rg7 18. Rfe1 Bd7 19. Bf1 f5 20.
Re3 Rag8 21. Rae1 h6 22. Rg3 Kh7 23. Rxg7+ Rxg7 24. Re3 b6 25. c4 a5 26. a3 Be8
27. Qe5 Bg6 28. Rh3 Qe7 29. Qf4 h5 30. Be2 Qf7 31. Qg5 Kg8 32. Bxh5 Bxh5 33.
Qxh5 Qxh5 34. Rxh5 Rf7 35. Kf1 Kg7 36. g3 Kg6 37. Rh4 c6 38. dxc6 Rc7 39. Rh8
Rxc6 40. b3 a4 41. bxa4 Rxc4 42. Rb8 Rc6 43. Ke2 Kf6 44. Ke3 Ke5 45. Re8+ Kd5
46. Rf8 Ke5 47. Re8+ Kd5 48. Rd8+ Ke5 49. Re8+ {Normal} 1/2-1/2

[Event "Rated Blitz game"]
[Site "?"]
[Date "2021.07.23"]
[Round "?"]
[White "gaichess"]
[Black "pasha1984"]
[Result "0-1"]
[WhiteElo "2363"]
[BlackElo "2410"]
[PlyCount "54"]
[EventDate "2021.??.??"]
[EventType "blitz"]

1. e4 e5 2. Nf3 d5 3. exd5 e4 4. Qe2 Nf6 5. d3 Qxd5 6. Nbd2 Nc6 7. Nxe4 Be6 8.
Nc3 Bb4 9. Bd2 Bxc3 10. Bxc3 O-O-O 11. Bxf6 gxf6 12. Qe4 Qa5+ 13. Kd1 Rhe8 14.
Qf4 Qb6 15. Kc1 Qxf2 16. Qd2 Qc5 17. Be2 Bd5 18. a3 Bxf3 19. Bxf3 Nd4 20. Kb1
Re5 21. Qc3 Qb6 22. Qb4 Rb5 23. Qc3 Rc5 24. Qb4 Rxc2 25. Rc1 Rxc1+ 26. Kxc1
Qxb4 27. axb4 Nb3+ {Normal} 0-1

[Event "Rated Blitz tournament CZub7V7d"]
[Site "?"]
[Date "2021.07.23"]
[Round "?"]
[White "BudimanHS_PKP"]
[Black "yatayo"]
[Result "0-1"]
[WhiteElo "2412"]
[BlackElo "2463"]
[PlyCount "28"]
[EventDate "2021.??.??"]
[EventType "blitz"]

1. e4 e5 2. Nf3 d5 3. exd5 e4 4. Qe2 Nf6 5. Nc3 Be7 6. Nxe4 O-O 7. d3 Qxd5 8.
Bd2 Nc6 9. g3 Bg4 10. Bg2 Nd4 11. Qd1 Nxe4 12. dxe4 Qxe4+ 13. Be3 Bxf3 14. Qxd4
Qxd4 {Normal} 0-1

[Event "Rated Blitz game"]
[Site "?"]
[Date "2021.07.23"]
[Round "?"]
[White "kpdxb"]
[Black "BrilliantGambiteer"]
[Result "0-1"]
[WhiteElo "2354"]
[BlackElo "2412"]
[PlyCount "94"]
[EventDate "2021.??.??"]
[EventType "blitz"]

1. e4 e5 2. Nf3 d5 3. Nxe5 Bd6 4. d4 dxe4 5. Bf4 Nf6 6. Bc4 O-O 7. O-O Qe7 8.
Nc3 h6 9. Bg3 Bf5 10. Re1 Nbd7 11. Nxd7 Qxd7 12. Qd2 Bxg3 13. hxg3 Rad8 14.
Rad1 Rfe8 15. Qf4 Bg6 16. Bb3 c6 17. d5 cxd5 18. Ba4 Qe6 19. Bxe8 Rxe8 20. Nb5
Qc6 21. Nd4 Qb6 22. b3 Nh5 23. Qe3 Nf6 24. a4 Bh5 25. Rd2 Ng4 26. Qf4 Ne5 27.
Kh1 f6 28. Qe3 Ng4 29. Qc3 a6 30. a5 Qd6 31. Nf5 Qd7 32. Ne3 Nxe3 33. fxe3 Bf7
34. Qb4 Re5 35. c4 Rh5+ 36. Kg1 Rg5 37. cxd5 Rxg3 38. Qxe4 Rg4 39. Qf3 Bh5 40.
e4 Rg5 41. Qe3 Re5 42. Qf4 Bg6 43. d6 Kh7 44. Rd5 Re6 45. e5 fxe5 46. Rexe5
Rxd6 47. Rf5 Rxd5 {Normal} 0-1

[Event "Rated Rapid game"]
[Site "?"]
[Date "2021.07.23"]
[Round "?"]
[White "zelezny"]
[Black "Baris_AE"]
[Result "0-1"]
[WhiteElo "2406"]
[BlackElo "2456"]
[PlyCount "76"]
[EventDate "2021.??.??"]
[EventType "rapid"]

1. e4 e5 2. Nf3 d5 3. exd5 e4 4. Qe2 Nf6 5. d3 Qxd5 6. Nbd2 Be7 7. Nxe4 Qh5 8.
Nxf6+ gxf6 9. Bf4 Be6 10. Nd4 Qxe2+ 11. Bxe2 Na6 12. O-O-O O-O-O 13. Nxe6 fxe6
14. Rhe1 h5 15. Bf3 e5 16. Bd2 Nb4 17. Re4 c5 18. a3 Nc6 19. Rh4 Nd4 20. Bxh5
f5 21. Rh3 c4 22. dxc4 Kc7 23. Re1 Bf6 24. f4 e4 25. g4 Nf3 26. Rd1 Nxd2 27.
Rxd2 Bxb2+ 28. Kd1 fxg4 29. Bxg4 Rxd2+ 30. Kxd2 Rxh3 31. Bxh3 Bxa3 32. Bf5 Kd6
33. Ke3 Bc1+ 34. Kxe4 a5 35. Bc8 a4 36. Bxb7 Kc5 37. f5 a3 38. f6 a2 {Normal}
0-1

[Event "Rated Blitz game"]
[Site "?"]
[Date "2021.07.23"]
[Round "?"]
[White "win-draw-loss"]
[Black "ahoramahora"]
[Result "0-1"]
[WhiteElo "2402"]
[BlackElo "2344"]
[PlyCount "120"]
[EventDate "2021.??.??"]
[EventType "blitz"]

1. e4 e5 2. Nf3 d5 3. exd5 e4 4. Qe2 Nf6 5. Nc3 Be7 6. Nxe4 O-O 7. Nxf6+ Bxf6
8. Kd1 Qxd5 9. c3 Nc6 10. d4 Bg4 11. Be3 Rfe8 12. h3 Bxf3 13. Qxf3 Qxf3+ 14.
gxf3 Rad8 15. Kc2 a6 16. Rd1 Ne7 17. Bc4 b5 18. Bd3 Nd5 19. Bd2 Bh4 20. Rhf1 c6
21. Be4 g6 22. Bxd5 Rxd5 23. Be3 Rh5 24. Rh1 Bf6 25. Kd3 Rd8 26. Ke2 Rdd5 27.
Rdg1 Rh4 28. Rg4 Rdh5 29. Rxh4 Rxh4 30. Kf1 Kf8 31. Kg2 Ke7 32. Re1 Kd7 33. Rd1
Rh5 34. Bf4 Rf5 35. Bg3 Ke6 36. Re1+ Kd5 37. Re2 Bg5 38. Re5+ Rxe5 39. Bxe5 Bc1
40. b3 Bb2 41. c4+ bxc4 42. bxc4+ Kxc4 43. Kg3 Bxd4 44. Bd6 Kd5 45. Ba3 Bc3 46.
Bc1 c5 47. Kf4 h6 48. Kg4 f5+ 49. Kh4 Bf6+ 50. Kg3 g5 51. f4 Ke4 52. fxg5 hxg5
53. f4 gxf4+ 54. Bxf4 Be5 55. Bxe5 Kxe5 56. Kf3 c4 57. Ke3 f4+ 58. Kd2 f3 59.
Ke3 c3 60. Kxf3 c2 {Normal} 0-1

[Event "Rated Blitz game"]
[Site "?"]
[Date "2021.07.23"]
[Round "?"]
[White "snayperchess"]
[Black "tactinhos2900"]
[Result "0-1"]
[WhiteElo "2673"]
[BlackElo "2639"]
[PlyCount "40"]
[EventDate "2021.??.??"]
[EventType "blitz"]

1. e4 e5 2. Nf3 d5 3. Nc3 dxe4 4. Nxe5 Qd4 5. Nc4 Bc5 6. Ne3 Nf6 7. d3 exd3 8.
Qxd3 O-O 9. Qxd4 Bxd4 10. Nb5 Bb6 11. Nc4 Re8+ 12. Be2 Bd7 13. a4 Na6 14. Nxb6
axb6 15. Bg5 Nb4 16. Bxf6 Nxc2+ 17. Kd1 Nxa1 18. Bc3 Bxb5 19. Bxb5 Red8+ 20.
Ke2 Nb3 {Normal} 0-1

[Event "Rated Blitz game"]
[Site "?"]
[Date "2021.07.23"]
[Round "?"]
[White "Yossarian222"]
[Black "ahoramahora"]
[Result "1-0"]
[WhiteElo "2462"]
[BlackElo "2368"]
[PlyCount "121"]
[EventDate "2021.??.??"]
[EventType "blitz"]

1. e4 e5 2. Nf3 d5 3. Nxe5 Bd6 4. d4 dxe4 5. Nc4 Nf6 6. Nxd6+ Qxd6 7. Be2 O-O
8. O-O a6 9. c3 Rd8 10. Nd2 c5 11. dxc5 Qxc5 12. Qc2 e3 13. Nc4 exf2+ 14. Rxf2
Nc6 15. Be3 Qe7 16. Bg5 Be6 17. Raf1 Bxc4 18. Bxc4 Rd6 19. Bxf6 Rxf6 20. Rxf6
gxf6 21. Qf5 Ne5 22. Bb3 Kg7 23. h3 Rd8 24. Qf4 Rd3 25. Qe4 Qc5+ 26. Kh2 Qe3
27. Qxe3 Rxe3 28. Rf2 Nd3 29. Rd2 f5 30. Kg1 Kf6 31. Bc2 Nc5 32. Kf2 f4 33. b4
Ne4+ 34. Bxe4 Rxe4 35. Kf3 Re3+ 36. Kxf4 Rxc3 37. Rd6+ Ke7 38. Rb6 Rc7 39. g4
Rd7 40. g5 Kd8 41. Rh6 Rd4+ 42. Kf5 Rxb4 43. Rxh7 Ke8 44. Rh8+ Ke7 45. Rb8 Rb5+
46. Kg4 Rb2 47. h4 b5 48. Rb7+ Ke6 49. a4 b4 50. a5 b3 51. Rb6+ Ke7 52. Rxa6
Rg2+ 53. Kh5 b2 54. Rb6 Rc2 55. a6 Rc6 56. Rxb2 Rxa6 57. Rf2 Ra5 58. Kh6 Kf8
59. Kh7 Ra6 60. Rf6 Ke8 61. Rxa6 {Normal} 1-0

[Event "Rated Classical game"]
[Site "?"]
[Date "2021.07.23"]
[Round "?"]
[White "Fomin_Ilya"]
[Black "LanBrak"]
[Result "0-1"]
[WhiteElo "2346"]
[BlackElo "2422"]
[PlyCount "62"]
[EventDate "2021.??.??"]

1. e4 e5 2. Nf3 d5 3. exd5 e4 4. Qe2 Nf6 5. Nc3 Be7 6. Nxe4 O-O 7. Nxf6+ Bxf6
8. d4 Re8 9. Be3 Qxd5 10. Qb5 Qxb5 11. Bxb5 c6 12. Be2 Be6 13. O-O Bf5 14. c3
Nd7 15. Rfe1 Nb6 16. Bg5 Bxg5 17. Nxg5 h6 18. Nf3 Na4 19. Ne5 Nxb2 20. g4 Bh7
21. f4 f6 22. Nc4 Rxe2 23. Rxe2 Nxc4 24. Re7 b5 25. f5 Kf8 26. Rae1 Ne5 27.
R7xe5 fxe5 28. Rxe5 Bg8 29. Rc5 Bd5 30. a4 a6 31. a5 Re8 {Normal} 0-1

[Event "Rated Blitz game"]
[Site "?"]
[Date "2021.07.23"]
[Round "?"]
[White "H4zuOp"]
[Black "Dzon_Vejn"]
[Result "0-1"]
[WhiteElo "2507"]
[BlackElo "2473"]
[PlyCount "104"]
[EventDate "2021.??.??"]
[EventType "blitz"]

1. e4 e5 2. Nf3 d5 3. Nxe5 Bd6 4. d4 dxe4 5. Nc3 Bxe5 6. dxe5 Qxd1+ 7. Nxd1 Nc6
8. Bb5 Nge7 9. Nc3 Bf5 10. Bg5 Ng6 11. Nd5 Rc8 12. O-O-O Ngxe5 13. Nxc7+ Kf8
14. Nd5 f6 15. Be3 Kf7 16. Kb1 Rhd8 17. Ba4 Be6 18. Nf4 b6 19. h3 Ke7 20. Bb3
Rxd1+ 21. Rxd1 Rd8 22. Rxd8 Nxd8 23. Nxe6 Nxe6 24. a4 Kd6 25. a5 Nc5 26. Bg8 h6
27. b4 Na4 28. Bb3 Nc3+ 29. Kc1 bxa5 30. bxa5 a6 31. Kd2 Nd5 32. Bd4 Nc6 33.
Bb2 Nxa5 34. Ba2 Nc6 35. c4 Ndb4 36. Bb3 f5 37. Kc3 g6 38. Ba3 a5 39. Ba4 Kc5
40. Bxc6 Kxc6 41. Bxb4 axb4+ 42. Kxb4 g5 43. Kc3 Kc5 44. g3 f4 45. gxf4 gxf4
46. Kd2 h5 47. Ke2 h4 48. f3 e3 49. Ke1 Kxc4 50. Ke2 Kd4 51. Kd1 Kd3 52. Ke1 e2
{Time forfeit} 0-1

[Event "Rated Rapid game"]
[Site "?"]
[Date "2021.07.23"]
[Round "?"]
[White "bmeg"]
[Black "liaqat321"]
[Result "1-0"]
[WhiteElo "2405"]
[BlackElo "2362"]
[PlyCount "73"]
[EventDate "2021.??.??"]
[EventType "rapid"]

1. e4 e5 2. Nf3 d5 3. Nxe5 Bd6 4. Nxf7 Kxf7 5. Qh5+ Kf8 6. Qxd5 Nf6 7. Qc4 Qe7
8. d3 Nc6 9. Nc3 Be6 10. Qb5 Rb8 11. Be3 a6 12. Qa4 Bd7 13. O-O-O Ng4 14. Nd5
Qf7 15. Be2 Be5 16. Bc5+ Ke8 17. Bxg4 Bxg4 18. Rd2 Bd7 19. Qb3 Be6 20. g3 Nd4
21. Bxd4 Bxd4 22. Qa4+ Qd7 23. Qxd4 c6 24. Re1 Kf7 25. c4 cxd5 26. exd5 Bf5 27.
Rde2 Rhe8 28. Re5 Rxe5 29. Rxe5 Re8 30. f4 g6 31. d6 Rxe5 32. fxe5 Qc6 33. Kd2
Ke6 34. g4 Qg2+ 35. Kc3 Qxg4 36. Qd5+ Kd7 37. Qxb7+ {Normal} 1-0

[Event "Rated Classical game"]
[Site "?"]
[Date "2021.07.23"]
[Round "?"]
[White "WUJRP"]
[Black "LanBrak"]
[Result "1/2-1/2"]
[WhiteElo "2406"]
[BlackElo "2472"]
[PlyCount "94"]
[EventDate "2021.??.??"]

1. e4 e5 2. Nf3 d5 3. exd5 e4 4. Qe2 Nf6 5. Nc3 Be7 6. Nxe4 O-O 7. Nxf6+ Bxf6
8. d4 Re8 9. Be3 Bf5 10. O-O-O c6 11. dxc6 Nxc6 12. Qb5 Be4 13. Bd3 a6 14. Qh5
g6 15. Qh6 Bxf3 16. gxf3 Qd5 17. b3 Qa5 18. Qf4 Bg7 19. Bc4 Rf8 20. Kb2 b5 21.
Be2 Nb4 22. a3 Nd5 23. Qe4 Rfd8 24. Bd2 Qb6 25. c3 a5 26. Bg5 Nxc3 27. Bxd8
Nxd1+ 28. Rxd1 Rxd8 29. Ka2 b4 30. Bc4 Bxd4 31. h4 bxa3 32. h5 Kg7 33. Qf4 f6
34. h6+ Kf8 35. Rd2 Bxf2 36. Re2 Rd4 37. Qc1 Bg3 38. Qe3 Qd8 39. Qe6 Rd2+ 40.
Kxa3 Qd6+ 41. Qxd6+ Bxd6+ 42. Ka4 Rxe2 43. Bxe2 Bb4 44. Bc4 Ke7 45. Bg8 f5 46.
Kb5 Kf6 47. Bd5 Kg5 {Normal} 1/2-1/2

[Event "Rated Rapid game"]
[Site "?"]
[Date "2021.07.23"]
[Round "?"]
[White "ahmed_emam_zaki"]
[Black "Baris_AE"]
[Result "0-1"]
[WhiteElo "2361"]
[BlackElo "2454"]
[PlyCount "34"]
[EventDate "2021.??.??"]
[EventType "rapid"]

1. e4 e5 2. Nf3 d5 3. Nxe5 Bd6 4. Nxf7 Kxf7 5. Qh5+ g6 6. Qxd5+ Kg7 7. d4 Nf6
8. Qc4 Nxe4 9. Bd3 Re8 10. O-O Nc6 11. c3 Be6 12. Qa4 Bd5 13. Qc2 Qh4 14. f4
Re7 15. Nd2 Nxd2 16. Bxd2 Rae8 17. f5 Bxh2+ {Normal} 0-1

[Event "Rated Blitz game"]
[Site "?"]
[Date "2021.07.23"]
[Round "?"]
[White "quieresunglobo"]
[Black "bobbybaer"]
[Result "1-0"]
[WhiteElo "2405"]
[BlackElo "2273"]
[PlyCount "111"]
[EventDate "2021.??.??"]
[EventType "blitz"]

1. e4 e5 2. Nf3 d5 3. exd5 e4 4. Qe2 Qe7 5. Nd4 Nf6 6. d3 exd3 7. Qxe7+ Bxe7 8.
Bxd3 Nxd5 9. O-O O-O 10. Re1 Bf6 11. c3 Nc6 12. Nxc6 bxc6 13. Nd2 Be6 14. Ne4
Rfd8 15. Nxf6+ gxf6 16. Bc2 Kg7 17. a3 Rab8 18. c4 Ne7 19. b3 Nf5 20. Bxf5 Bxf5
21. Bf4 Rd7 22. b4 Bd3 23. c5 Bc4 24. Re4 Bd5 25. Rd4 Rb5 26. Be3 a5 27. Rg4+
Kf8 28. Bd4 axb4 29. Bxf6 b3 30. Rb4 Be6 31. h3 Rd5 32. Kh2 Rdxc5 33. Ra4 Rb8
34. Rb1 Rf5 35. Bd4 c5 36. Be3 c4 37. Bd2 Rxf2 38. Bb4+ Kg8 39. Kg3 Rc2 40. Ra5
c6 41. Rc5 Bd5 42. Kf4 Rxg2 43. Ke5 Re8+ 44. Kd6 Rg6+ 45. Kc7 Re3 46. a4 Re7+
47. Kb6 Rge6 48. a5 Rd7 49. a6 Ree7 50. Ra1 Ra7 51. Bc3 Red7 52. Rca5 f5 53.
Kc5 Kf7 54. Kb4 Ke6 55. Bd4 f4 56. Bxa7 {Time forfeit} 1-0

[Event "Rated Blitz game"]
[Site "?"]
[Date "2021.07.23"]
[Round "?"]
[White "Jero_el_siniestro"]
[Black "artsportscience"]
[Result "1-0"]
[WhiteElo "2499"]
[BlackElo "2402"]
[PlyCount "71"]
[EventDate "2021.??.??"]
[EventType "blitz"]

1. e4 e5 2. Nf3 d5 3. Nxe5 Bd6 4. d4 dxe4 5. Bc4 Bxe5 6. dxe5 Qxd1+ 7. Kxd1 Nc6
8. Re1 Bf5 9. Bf4 O-O-O+ 10. Ke2 Nd4+ 11. Kf1 Nxc2 12. Nc3 Nxa1 13. Rxa1 Ne7
14. Bxf7 Bg6 15. Bb3 Rhe8 16. Rc1 Nc6 17. e6 Bf5 18. Nd5 Bxe6 19. Nxc7 Bxb3 20.
Nxe8 Rxe8 21. axb3 Kd7 22. Rd1+ Ke7 23. b4 Kf7 24. b5 Nb4 25. Rd7+ Re7 26. Rd8
Nd3 27. Be3 Nxb2 28. Bxa7 Nc4 29. Bc5 Rc7 30. Bd4 g5 31. g3 Kg6 32. h3 h5 33.
Rg8+ Kf5 34. Rf8+ Kg6 35. Rf6+ Kg7 36. Rc6+ {Normal} 1-0

[Event "Rated Blitz game"]
[Site "?"]
[Date "2021.07.23"]
[Round "?"]
[White "chaguito89"]
[Black "Kasteajedrez"]
[Result "1-0"]
[WhiteElo "2394"]
[BlackElo "2427"]
[PlyCount "65"]
[EventDate "2021.??.??"]
[EventType "blitz"]

1. e4 e5 2. Nf3 d5 3. Nxe5 Nf6 4. exd5 Be7 5. Nc3 O-O 6. Be2 Nxd5 7. O-O Nf4 8.
Bf3 Bf6 9. d4 c5 10. Bxf4 cxd4 11. Ne4 Nc6 12. Nxc6 bxc6 13. Nxf6+ Qxf6 14. Qd2
Ba6 15. Rfe1 Rad8 16. Be2 Bxe2 17. Rxe2 Rd5 18. Rae1 h6 19. Bg3 c5 20. Qd3 Rdd8
21. Qc4 a5 22. Qxc5 Rc8 23. Qxa5 h5 24. h4 g6 25. Qe5 Qa6 26. a3 Rfd8 27. Qg5
Qb7 28. Be5 Kh7 29. Qf6 Rg8 30. Bxd4 g5 31. Re7 Rg6 32. Qxf7+ Kh6 33. Qh7# {
Normal} 1-0

[Event "Rated Blitz game"]
[Site "?"]
[Date "2021.07.22"]
[Round "?"]
[White "suskica"]
[Black "artsportscience"]
[Result "1-0"]
[WhiteElo "2422"]
[BlackElo "2393"]
[PlyCount "101"]
[EventDate "2021.??.??"]
[EventType "blitz"]

1. e4 e5 2. Nf3 d5 3. Nxe5 Bd6 4. d4 dxe4 5. Nc4 Nf6 6. Nxd6+ Qxd6 7. Be2 O-O
8. O-O c6 9. Bg5 Bf5 10. c3 Nbd7 11. Nd2 Nb6 12. Nc4 Nxc4 13. Bxc4 h6 14. Bh4
Bg6 15. Qd2 Rfe8 16. Rfe1 Nh5 17. Qe3 Qf4 18. Qxf4 Nxf4 19. Bg3 Nd3 20. Re2 Kh7
21. b4 f5 22. Bxd3 exd3 23. Rd2 Re2 24. Rxe2 dxe2 25. Re1 Re8 26. Be5 Bf7 27.
Rxe2 Bc4 28. Rd2 g5 29. a4 b5 30. a5 a6 31. f3 Kg6 32. Kf2 h5 33. g3 Re6 34. h4
g4 35. fxg4 fxg4 36. Ke3 Re7 37. Rf2 Rf7 38. Rxf7 Kxf7 39. Kf4 Kg6 40. Bh8 Bd5
41. Ke5 Bg2 42. Kd6 Kf5 43. Kc5 Ke4 44. Kb6 Kf3 45. Be5 Ke4 46. Kxa6 Kd3 47.
Kb6 Bd5 48. Kc5 Be6 49. Kxc6 Kxc3 50. Kxb5 Bc4+ 51. Kc5 {Normal} 1-0

[Event "Rated Blitz game"]
[Site "?"]
[Date "2021.07.22"]
[Round "?"]
[White "OosterYoung"]
[Black "Fantastic_power06"]
[Result "1/2-1/2"]
[WhiteElo "2725"]
[BlackElo "2755"]
[PlyCount "36"]
[EventDate "2021.??.??"]
[EventType "blitz"]

1. e4 e5 2. Nf3 d5 3. Nxe5 Bd6 4. d4 dxe4 5. Bc4 Bxe5 6. Qh5 Qe7 7. Qxe5 Qxe5
8. dxe5 Nc6 9. Nc3 Bf5 10. Bf4 Rd8 11. Bd5 Nge7 12. Bxe4 Bxe4 13. Nxe4 Rd4 14.
f3 Ng6 15. Be3 Rd5 16. e6 f5 17. Nc3 Re5 18. Kf2 Rxe6 {Normal} 1/2-1/2

[Event "Rated Blitz game"]
[Site "?"]
[Date "2021.07.22"]
[Round "?"]
[White "Jespaca"]
[Black "ahoramahora"]
[Result "1-0"]
[WhiteElo "2426"]
[BlackElo "2377"]
[PlyCount "45"]
[EventDate "2021.??.??"]
[EventType "blitz"]

1. e4 e5 2. Nf3 d5 3. Nxe5 Bd6 4. d4 dxe4 5. Nc3 Bxe5 6. dxe5 Qxd1+ 7. Kxd1
Bg4+ 8. Be2 Bxe2+ 9. Kxe2 f5 10. Bg5 Nc6 11. Rad1 Nxe5 12. Nb5 Rc8 13. Nxa7 Ra8
14. Nb5 Rc8 15. Rd5 Nf7 16. Rxf5 g6 17. Rd5 Ne7 18. Bxe7 Kxe7 19. Rhd1 c6 20.
Rd7+ Kf6 21. Nc3 e3 22. fxe3 Rhe8 23. Rf1+ {Normal} 1-0

[Event "Rated Blitz tournament QYsaabsb"]
[Site "?"]
[Date "2021.07.22"]
[Round "?"]
[White "BraitLelumees"]
[Black "Berovski"]
[Result "0-1"]
[WhiteElo "2324"]
[BlackElo "2420"]
[PlyCount "98"]
[EventDate "2021.??.??"]
[EventType "blitz"]

1. e4 e5 2. Nf3 d5 3. exd5 e4 4. Qe2 Nf6 5. d3 Qxd5 6. Nc3 Bb4 7. Bd2 Bxc3 8.
Bxc3 O-O 9. dxe4 Nxe4 10. Rd1 Nxc3 11. Rxd5 Nxe2 12. Bxe2 Be6 13. Rd2 Nc6 14.
a3 Rad8 15. Rxd8 Rxd8 16. Bd3 Bd5 17. Nh4 Ne5 18. Be2 g5 19. Nf3 Bxf3 20. Bxf3
Nxf3+ 21. gxf3 Kg7 22. Ke2 Kf6 23. Rg1 Kf5 24. Rg4 h5 25. Re4 Rd7 26. Re3 h4
27. Re4 c5 28. h3 Rd6 29. Re3 Re6 30. Kd3 Kf4 31. Kc4 Rxe3 32. fxe3+ Kxe3 33.
Kxc5 Kxf3 34. b4 g4 35. hxg4 h3 36. Kd6 h2 37. Kc7 h1=Q 38. Kxb7 Kxg4+ 39. Kxa7
Qc6 40. c4 Qxc4 41. b5 Qxb5 42. a4 Qxa4+ 43. Kb8 Qc4 44. Kb7 Kf5 45. Kb6 Ke6
46. Ka7 Kd7 47. Kb8 Qb5+ 48. Ka7 Kc7 49. Ka8 Qb7# {Normal} 0-1

[Event "Rated Blitz game"]
[Site "?"]
[Date "2021.07.22"]
[Round "?"]
[White "Saparmyrat"]
[Black "NooB_MasteR_69_chess"]
[Result "1-0"]
[WhiteElo "2677"]
[BlackElo "2651"]
[PlyCount "56"]
[EventDate "2021.??.??"]
[EventType "blitz"]

1. e4 e5 2. Nf3 d5 3. Nxe5 Bd6 4. d4 dxe4 5. Nc4 Nc6 6. Nc3 Bb4 7. d5 Nce7 8.
Bd2 Nf6 9. Ne3 O-O 10. Bc4 a6 11. a3 Bd6 12. Qe2 b5 13. Bb3 Bb7 14. O-O-O Ng6
15. Nf5 Re8 16. Kb1 Qd7 17. g4 Ne5 18. Nxd6 cxd6 19. g5 Nfg4 20. h3 Nxf2 21.
Qxf2 a5 22. Nxe4 b4 23. a4 Rac8 24. Qb6 Nc4 25. Bxc4 Rxc4 26. Nxd6 Rxc2 27.
Qxb7 Qxa4 28. Qxf7+ Kh8 {Normal} 1-0

[Event "Rated Blitz tournament Gnmjc9Le"]
[Site "?"]
[Date "2021.07.22"]
[Round "?"]
[White "Kortatu"]
[Black "CaroyinixDiscomix"]
[Result "1-0"]
[WhiteElo "2285"]
[BlackElo "2407"]
[PlyCount "33"]
[EventDate "2021.??.??"]
[EventType "blitz"]

1. e4 e5 2. Nf3 d5 3. exd5 e4 4. Qe2 Nf6 5. d3 Qxd5 6. Nbd2 Nc6 7. dxe4 Qa5 8.
e5 Ng4 9. Qb5 Bc5 10. Qxa5 Nxa5 11. Ne4 Be7 12. h3 Nh6 13. Bxh6 gxh6 14. Bd3
Be6 15. O-O-O Rg8 16. Rhg1 O-O-O 17. Kb1 {Normal} 1-0

[Event "Rated Rapid tournament LLqmo1si"]
[Site "?"]
[Date "2021.07.22"]
[Round "?"]
[White "Kholpilova"]
[Black "Pri_X"]
[Result "1-0"]
[WhiteElo "2402"]
[BlackElo "2231"]
[PlyCount "63"]
[EventDate "2021.??.??"]
[EventType "rapid"]

1. e4 e5 2. Nf3 d5 3. Nxe5 Bd6 4. d4 dxe4 5. Bf4 Nf6 6. Nc3 O-O 7. Bc4 Nc6 8.
Nxc6 bxc6 9. Bg3 Rb8 10. Bb3 Bg4 11. Qd2 Re8 12. O-O e3 13. fxe3 Bxg3 14. hxg3
c5 15. Qf2 Bc8 16. Nd5 Ba6 17. Nxf6+ gxf6 18. Rfe1 c4 19. Ba4 Re6 20. c3 Qd5
21. Bd1 Qg5 22. Rb1 Rbe8 23. Bf3 Rxe3 24. Rxe3 Rxe3 25. Re1 Re6 26. Rxe6 fxe6
27. Qe2 Kf7 28. g4 c5 29. Qe4 Qc1+ 30. Kh2 Qh6+ 31. Kg3 cxd4 32. Qxd4 {Time
forfeit} 1-0

[Event "Rated Blitz game"]
[Site "?"]
[Date "2021.07.22"]
[Round "?"]
[White "Chesstomioka"]
[Black "Fantastic_power06"]
[Result "0-1"]
[WhiteElo "2668"]
[BlackElo "2764"]
[PlyCount "72"]
[EventDate "2021.??.??"]
[EventType "blitz"]

1. e4 e5 2. Nf3 d5 3. Nxe5 Bd6 4. d4 dxe4 5. Nc4 Nc6 6. Nxd6+ Qxd6 7. c3 Bf5 8.
Nd2 O-O-O 9. Nc4 Qg6 10. Bf4 Nf6 11. Ne3 Be6 12. Qa4 Nh5 13. Bg3 Nxg3 14. hxg3
Kb8 15. O-O-O Bc8 16. Qb3 f5 17. Bb5 Ne7 18. Bc4 h6 19. Be2 Rhf8 20. Qc2 f4 21.
Bh5 Qa6 22. gxf4 Qxa2 23. Qxe4 Nf5 24. Bg6 Nd6 25. Qe5 Rfe8 26. Bxe8 Rxe8 27.
Qxg7 Rxe3 28. fxe3 Nc4 29. Rd2 Qa1+ 30. Kc2 Bf5+ 31. e4 Bxe4+ 32. Rd3 Qxb2+ 33.
Kd1 Qb1+ 34. Ke2 Qxd3+ 35. Kf2 Qe3+ 36. Kf1 Nd2# {Normal} 0-1